| 000 | 00347nam a2200121Ia 4500 | ||
|---|---|---|---|
| 008 | 240731s9999 xx 000 0 und d | ||
| 022 | _a1940-9133 | ||
| 245 | 0 | _aPsychoanalytic Inquiry : A Topical Journal for Mental Health Professionals | |
| 260 | _bRoutledge | ||
| 856 | _uhttps://www.tandfonline.com/loi/hpsi20 | ||
| 942 | _2ddc | ||
| 942 | _cTFEJ | ||
| 999 |
_c79063 _d79063 |
||
| 945 |
_a1 _bMadushi Gamage _c1 _dMadushi Gamage |
||